全国の魂心家の店舗 - Statistics

General Stats
  • This quiz has been taken 21 times
  • The average score is 35 of 62
Answer Stats
Hint Answer % Correct
大和魂心家
80%
海老名魂心家
80%
富山魂心家
80%
福井魂心家
80%
関東エリア 目黒魂心家
70%
飯田橋魂心家
70%
藤沢魂心家
70%
厚木インター魂心家
70%
平塚魂心家
70%
船橋魂心家
70%
つくば魂心家
70%
北陸エリア 金沢魂心家
70%
北海道エリア 石狩魂心家
60%
厚別魂心家
60%
発寒魂心家
60%
南郷魂心家
60%
苫小牧魂心家
60%
東北エリア 新白河魂心家
60%
あざみ野魂心家
60%
青葉台魂心家
60%
中央林間魂心家
60%
大和駅前魂心家
60%
さくら魂心家
60%
上三川魂心家
60%
鹿嶋魂心家
60%
東海・甲信エリア 静岡魂心家
60%
千曲魂心家
60%
長野魂心家
60%
小松魂心家
60%
野々市魂心家
60%
高岡魂心家
60%
モリーブ魂心家
60%
尾道魂心家
60%
東雁来魂心家
50%
相模大野魂心家
50%
さがみ野魂心家
50%
藤沢柄沢魂心家
50%
本厚木魂心家
50%
三島魂心家
50%
沼津魂心家
50%
新沼津国一魂心家
50%
はままつ魂心家
50%
東和田魂心家
50%
加賀魂心家
50%
鯖江魂心家
50%
砺波魂心家
50%
駅家魂心家
50%
壱七家 立川壱七家
50%
清水PA魂心家
50%
静岡SBS通り魂心家
50%
富士吉原魂心家
40%
焼津魂心家
40%
藤枝駅前魂心家
40%
佐久平魂心家
40%
金沢もりの里魂心家
40%
関西・中国エリア 大阪なんば魂心家
40%
南摂津魂心家
40%
大阪高槻魂心家
40%
京都醍醐魂心家
40%
大津魂心家
40%
倉敷魂心家
40%
福山魂心家
40%
No matching quizzes found
Score Distribution
Percent of People with Each Score
Percentile by Number Answered
Your Score History
You have not taken this quiz